|
|
|
|
| LEADER |
01542nam a2200409Ia 4500 |
| 001 |
EBC328385 |
| 003 |
MiAaPQ |
| 005 |
20200520144314.0 |
| 006 |
m o d | |
| 007 |
cr cn||||||||| |
| 008 |
070314s2007 mnua sb 001 0 eng d |
| 020 |
|
|
|z 0816648727 (hbk.) :
|
| 020 |
|
|
|z 0816648735 (pbk.) :
|
| 020 |
|
|
|z 9780816648726 (hbk.) :
|
| 020 |
|
|
|z 9780816648733 (pbk.) :
|
| 035 |
|
|
|a (MiAaPQ)EBC328385
|
| 035 |
|
|
|a (Au-PeEL)EBL328385
|
| 035 |
|
|
|a (CaPaEBR)ebr10212610
|
| 035 |
|
|
|a (CaONFJC)MIL523196
|
| 035 |
|
|
|a (OCoLC)192003212
|
| 040 |
|
|
|a MiAaPQ
|c MiAaPQ
|d MiAaPQ
|
| 050 |
|
4 |
|a HG3881.5.W57
|b B456 2007
|
| 082 |
0 |
4 |
|a 332.1532
|2 22
|
| 100 |
1 |
|
|a Benjamin, Bret.
|
| 245 |
1 |
0 |
|a Invested interests
|h [electronic resource] :
|b capital, culture, and the World Bank /
|c Bret Benjamin.
|
| 260 |
|
|
|a Minneapolis, Minn. :
|b University of Minnesota Press ;
|a Bristol :
|b University Presses Marketing [distributor],
|c c2007.
|
| 300 |
|
|
|a xxxiii, 274 p. :
|b ill.
|
| 504 |
|
|
|a Includes bibliographical references and index.
|
| 533 |
|
|
|a Electronic reproduction. Ann Arbor, MI : ProQuest, 2015. Available via World Wide Web. Access may be limited to ProQuest affiliated libraries.
|
| 610 |
2 |
0 |
|a World Bank
|x History.
|
| 610 |
2 |
0 |
|a World Bank
|x Influence.
|
| 610 |
2 |
0 |
|a World Bank
|x Social aspects.
|
| 650 |
|
0 |
|a Economic assistance.
|
| 650 |
|
0 |
|a Globalization.
|
| 655 |
|
4 |
|a Electronic books.
|
| 710 |
2 |
|
|a ProQuest (Firm)
|
| 856 |
4 |
0 |
|u https://ebookcentral.proquest.com/lib/matrademy/detail.action?docID=328385
|z Click to View
|